000 01275nam a2200325Ia 4500
001 ebr10433266
003 CaPaEBR
006 m u
007 cr cn|||||||||
008 100224s2010 mau sb 000 0 eng d
010 _z 2010007993
020 _z0861716957
020 _z9780861716951 (pbk. : alk. paper)
040 _aCaPaEBR
_cCaPaEBR
035 _a(OCoLC)698589758
050 1 4 _aBQ5612
_b.M325 2010eb
082 0 4 _a294.3/4435
_222
100 1 _aMcDonald, Kathleen,
_d1952-
245 1 0 _aAwakening the kind heart
_h[electronic resource] :
_bhow to meditate on compassion /
_cKathleen McDonald (Sangye Khadro).
260 _aBoston :
_bWisdom Publications,
_cc2010.
300 _axii, 152 p.
504 _aIncludes bibliographical references.
533 _aElectronic reproduction.
_bPalo Alto, Calif. :
_cebrary,
_d2011.
_nAvailable via World Wide Web.
_nAccess may be limited to ebrary affiliated libraries.
650 0 _aCompassion
_xReligious aspects
_xBuddhism.
650 0 _aMeditation
_xBuddhism.
650 0 _aSpiritual life
_xBuddhism.
655 7 _aElectronic books.
_2local
710 2 _aebrary, Inc.
856 4 0 _uhttp://site.ebrary.com/lib/rucke/Doc?id=10433266
_zAn electronic book accessible through the World Wide Web; click to view
999 _c234839
_d234839